Zwycięzcy mistrzostw świata - nagła śmierć - Statystyki

Ogólne statystyki
  • Ten quiz został rozwiązany 62 razy
  • Średni wynik to 7 z 8
Answers on the Grid
Answers color-coded by a green-red scale on the quiz's grid according to % correct below.
Anglia
Argentyna
Australia
Austria
Brazylia
Chile
Chorwacja
Czechy
Francja
Hiszpania
Holandia
Indie
Japonia
Jugosławia
Kolumbia
Korea południowa
Meksyk
Niemcy
Polska
Rosja
Szwecja
Urugwaj
USA
Włochy
 
Statystyki odpowiedzi
Odpowiedź % Poprawnych
Argentyna
98%
Brazylia
94%
Francja
92%
Niemcy
89%
Anglia
87%
Hiszpania
87%
Włochy
79%
Urugwaj
77%
Nie znaleziono quizów pasujących do podanych kryteriów
Rozkład punktacji
Procent ludzi z każdym wynikiem
Percentyl według liczby udzielonych odpowiedzi
Twoja historia wyników
Nie rozwiązałeś tego quizu